Les divisions espagnoles de l'armée de Wellington (Registro nro. 101451)

Detalles MARC
000 -LEADER
campo de control de longitud fija 00723nam a2200193 i 4500
001 - NÚMERO DE CONTROL
campo de control 101451
003 - IDENTIFICADOR DE NÚMERO DE CONTROL
campo de control ES-MaACL
005 - FECHA Y HORA DE LA ÚLTIMA TRANSACCIÓN
campo de control 20240229062723.0
007 - CAMPO FIJO DE DESCRIPCIÓN FÍSICA--INFORMACIÓN GENERAL
campo de control de longitud fija t|
008 - DATOS DE LONGITUD FIJA--INFORMACIÓN GENERAL
campo de control de longitud fija 051018s1913 fr ||||1| fre d
100 1# - ENTRADA PRINCIPAL--NOMBRE DE PERSONA
Nombre de persona Mazars
Títulos y otros términos asociados al nombre Lieutenant.
9 (RLIN) 149465
245 14 - MENCIÓN DEL TÍTULO
Título Les divisions espagnoles de l'armée de Wellington
Resto del título : Vitoria (21 Juin 1813) - Toulouse (10 Avril 1814) /
Mención de responsabilidad, etc. Lieutenant Mazars.
260 ## - PUBLICACIÓN, DISTRIBUCIÓN, ETC.
Lugar de publicación, distribución, etc. Toulouse :
Nombre del editor, distribuidor, etc. [s.n.],
Fecha de publicación, distribución, etc. 1913 (
Fabricante Edouard Privat)
300 ## - DESCRIPCIÓN FÍSICA
Extensión P. [41]-66 ;
Dimensiones 24 cm.
500 ## - NOTA GENERAL
Nota general En port.: Extrait de la "Revue des Pyrenées", tome XXV, 1er trimestre 1913.
651 #4 - PUNTO DE ACCESO ADICIONAL DE MATERIA--NOMBRE GEOGRÁFICO
Nombre geográfico España-
Subdivisión general Historia-
Subdivisión cronológica 1808-1814, Guerra de la Independencia
9 (RLIN) 8244
852 ## - LOCALIZACIÓN
Ubicación ES-MaACL
Número de control de estantería T-1351-F-5
Existencias
Estatus retirado Estado de pérdida Estado de daño No para préstamo Colección Biblioteca de origen Biblioteca actual Ubicación en estantería Fecha de adquisición Fuente de adquisición Total de préstamos Signatura topográfica completa Código de barras Visto por última vez Precio de reemplazo Tipo de ítem Koha
        Colección de folletos Biblioteca del Ateneo de Madrid Biblioteca del Ateneo de Madrid Depósito folletos 17/01/2008     T-1351-F-5 1105918 23/02/2023 23/02/2023 Folleto